Obsada filmu "Vinci" - Statystyki

Ogólne statystyki
  • Ten quiz został rozwiązany 19 razy
  • Średni wynik to 6 z 9
Statystyki odpowiedzi
Rola Aktor % Poprawnych
Szerszeń Borys Szyc
94%
Hagen Jan Machulski
94%
Reżyser Juliusz Machulski
94%
Cuma Robert Więckiewicz
94%
Komisarz Wilk Marcin Dorociński
76%
Magda Kamila Baar
71%
Policjant Marcin Kudra Łukasz Simlat
29%
Werbus Jacek Król
6%
Gruby Mieczysław Grąbka
6%
Nie znaleziono quizów pasujących do podanych kryteriów
Rozkład punktacji
Procent ludzi z każdym wynikiem
Percentyl według liczby udzielonych odpowiedzi
Twoja historia wyników
Nie rozwiązałeś tego quizu